000
00292nam a2200121Ia 4500
999
_c
14301
_d
14301
008
260210s9999 xx 000 0 und d
020
_a
9780471102359
082
_a
691.09172
100
_a
Spence
245
0
_a
Building Materials In Developing Countries
260
_b
Wiley
942
_c
UG
_2
ddc